000 00514pab a2200181 454500
008 180718b2010 xxu||||| |||| 00| 0 eng d
100 _aGorg, Holger
245 _aFDI liberalisation, firm heterogeneity and foreign ownership: German firm decisions in reforming India
260 _c2010
300 _ap.1367-1384.
362 _aSep
650 _aForeign investment
700 _aNunnenkamp, Peter
700 _aMughlen, Henning
773 _aJournal of Development Studies
908 _aN
909 _a89850
999 _c89850
_d89850